| 000 | 00845nam a22002297a 4500 | ||
|---|---|---|---|
| 005 | 20081022111238.0 | ||
| 008 | 081022t xxu||||| |||| 00| 0 eng d | ||
| 010 | _aENG-84288 | ||
| 020 | _a019568561X | ||
| 020 | _c695.00 (hb) | ||
| 035 | _aEN-67821 | ||
| 082 | _a363.6 | ||
| 245 |
_aHandbook of water resources in India: _bdevelopment, management, and strategies / _cedited by John Briscoe and R P S Malik |
||
| 260 |
_aNew Delhi _bOxford University Press |
||
| 260 | _c2007 | ||
| 300 |
_axvii,364p _c24cm |
||
| 500 | _aIncludes bibliographical references | ||
| 700 |
_aBriscoe, John _ced |
||
| 700 |
_aMalik, R P S _ced |
||
| 942 |
_2ddc _cEN _h363.6 _mHAN |
||
| 999 |
_c17627 _d17627 |
||